Statistics for Which River is on That Continent?

Click here to take the quiz!

General Stats

  • This quiz has been taken 41 times
  • The average score is 17 of 20

Answer Stats

Question Answer % Correct
South AmericaAmazon
100%
EuropeRhine
100%
AfricaNile
97%
AfricaNiger
97%
North AmericaMackenzie
97%
Australia/OceaniaMurray
97%
AsiaYangtze
95%
AsiaGanges
95%
AsiaIndus
92%
EuropeSeine
92%
EuropeLoire
92%
North AmericaSnake
89%
Australia/OceaniaDarling
89%
Australia/OceaniaMurrumbidgee
84%
AfricaLimpopo
82%
North AmericaOhio
82%
South AmericaParana
76%
South AmericaTocantins
58%
AfricaKasai
47%
South AmericaMagdalena
37%

Score Distribution

Percentile by Number Answered

Percent of People with Each Score

Your Score History

You have not taken this quiz